Buzo en la sombra : (Registro nro. 7082)
[ vista simple ]
| 000 -LEADER | |
|---|---|
| fixed length control field | 01135nam a22002537a 4500 |
| 003 - CONTROL NUMBER IDENTIFIER | |
| control field | OSt |
| 005 - DATE AND TIME OF LATEST TRANSACTION | |
| control field | 20250415141351.0 |
| 008 - FIXED-LENGTH DATA ELEMENTS--GENERAL INFORMATION | |
| fixed length control field | 210201s1998 cu ||||gr|||| 00| 0 spa d |
| 020 ## - INTERNATIONAL STANDARD BOOK NUMBER | |
| International Standard Book Number | 9590300847 |
| 040 ## - CATALOGING SOURCE | |
| Original cataloging agency | CO-JMCR |
| Transcribing agency | CO-JMCR |
| 041 1# - LANGUAGE CODE | |
| Language code of text/sound track or separate title | spa |
| Language code of original | eng |
| 082 04 - DEWEY DECIMAL CLASSIFICATION NUMBER | |
| Classification number | A-N |
| Item number | HELb |
| Edition number | 23 |
| 100 1# - MAIN ENTRY--PERSONAL NAME | |
| Personal name | Heller, André, |
| Relator term | autor |
| 9 (RLIN) | 12939 |
| 245 ## - TITLE STATEMENT | |
| Title | Buzo en la sombra : |
| Remainder of title | 61 episodios en la vida de Ferdinand Alt / |
| Statement of responsibility, etc. | André Heller ; traducción de Olga Sánchez Guevara |
| 260 ## - PUBLICATION, DISTRIBUTION, ETC. | |
| Place of publication, distribution, etc. | La Habana (Cuba) : |
| Name of publisher, distributor, etc. | Arte y literatura, |
| Date of publication, distribution, etc. | 1998. |
| 300 ## - PHYSICAL DESCRIPTION | |
| Extent | 154 páginas ; |
| Other physical details | 18 cm. |
| 500 ## - GENERAL NOTE | |
| General note | Datos biográficos del autor en tapa posterior. |
| 520 0# - SUMMARY, ETC. | |
| Summary, etc. | Quien olvida lo mínimo, indefectiblemente olvida todo.<br/>Sostiene el treintañero afinador de pianos Ferdinand Alt, y partiendo de su presente se aleja hacia los años de infancia, para hilvanar un ruego sentimental con su ciudad, Viena, y, más allá una actualizada visión de Austria. |
| 650 24 - SUBJECT ADDED ENTRY--TOPICAL TERM | |
| Topical term or geographic name entry element | Música |
| General subdivision | Novela |
| 9 (RLIN) | 12940 |
| 650 24 - SUBJECT ADDED ENTRY--TOPICAL TERM | |
| Topical term or geographic name entry element | Poesía |
| General subdivision | austríaca. |
| 9 (RLIN) | 12941 |
| 650 24 - SUBJECT ADDED ENTRY--TOPICAL TERM | |
| Topical term or geographic name entry element | Sinfonías |
| General subdivision | Novela |
| 9 (RLIN) | 12942 |
| 700 ## - ADDED ENTRY--PERSONAL NAME | |
| Personal name | Sánchez Guevara, Olga, |
| Relator term | traductora |
| 9 (RLIN) | 12943 |
| 942 ## - ADDED ENTRY ELEMENTS (KOHA) | |
| Source of classification or shelving scheme | Dewey Decimal Classification |
| Koha item type | Books |
| Withdrawn status | Lost status | Source of classification or shelving scheme | Damaged status | Not for loan | Home library | Current library | Shelving location | Date acquired | Source of acquisition | Total Checkouts | Full call number | Barcode | Date last seen | Copy number | Price effective from | Koha item type |
|---|---|---|---|---|---|---|---|---|---|---|---|---|---|---|---|---|
| Dewey Decimal Classification | Biblioteca Pública José María del Castillo y Rada | Biblioteca Pública José María del Castillo y Rada | General Stacks | 10/02/2020 | Donación | A-N HELb | 201810135 | 02/01/2021 | Ej.1 | 02/01/2021 | Books |